000 00599nam a22001937a 4500
999 _c173109
_d173109
005 20200218170504.0
010 _aA-842071
020 _c30.00
035 _aA-842071
037 _bBPPD/Pub.
082 _a841.08
100 _aشیخ اکبر علی
245 _aاقبال کی شاعری اور اس کا پیغام /
_cشیخ اکبر علی
246 _aIqbal Ki Shayri Aur Us Ka Paigham (Urdu) /
_bby Sheikh Akbar Ali
260 _aDelhi
_bAeteqad Publishing House
_c1979 ء
270 _a-
_b-
_e-
300 _a286p.
_c20cm(Hb)
942 _2ddc
_cUR
_mا ق ب
_h841.08